Un yanqui en la corte del rey Arturo / (Registro nro. 8590)

Detalles MARC
000 -LIDER
fixed length control field 01068nam a22003137a 4500
001 - NÚMERO DE CONTROL
Identificador de número de control 0074
003 - IDENTIFICACDOR DE NÚMERO DE CONTROL
control field DO-SdBNP
005 - DATE AND TIME OF LATEST TRANSACTION
control field 20221107095802.0
008 - ELEMENTOS DE LONGITUD FIJA
fixed length control field 151106b sp 1989 xxu|| 00| 0 spa d
020 ## - ISBN
International Standard Book Number 8420733539
040 ## - FUENTE DE CATALOGACIÓN
Agencia que crea de manera original el registro BPMSU
Idioma de catalogación spa
Agencia que realiza la transcripción BPMSU
082 ## - NÚMERO DE CLASIFICACIÓN DECIMAL DE DEWEY
Classification number 813.4
Item number T969u 1989
Edition number 22
100 1# - ASIENTO PRINCIPAL -- NOMBRE PERSONAL
Nombre personal Twain, Mark,
Fechas asociadas con el nombre 1835-1910
245 13 - MENCIÓN DE TITULO
Título Un yanqui en la corte del rey Arturo /
Mención de responsabilidad Mark Twain ; traducción Juan Fernando Merino ; ilustración Dan Beard
260 ## - PUBLICACIÓN, DISTRIBUCIÓN, ETC. (PIE DE IMPRENTA)
Lugar de publicación, distribución, etc Madrid, España :
Nombre del editor, distribuidor, etc. Anaya,
Fecha de publicación, distribución, etc 1989.
300 ## - DESCRIPCIÓN FÍSICA
Extensión 397 p. :
Otros detalles físicos il.,
Dimensiones 20 cm.
490 0# - MENCIÓN DE SERIES
Mención de serie Aventuras ;
-- Tus libros,
Volume/sequential designation 89
500 ## - NOTA GENERAL
Materiales especificados Incluye referencias bibliográficas y notas la pie de las páginas
504 ## - NOTA DE BIBLIOGRAFÍA, ETC.
Bibliography, etc Incluye referencias bibliográficas y notas al pie de las páginas
504 ## - NOTA DE BIBLIOGRAFÍA, ETC.
Bibliography, etc Bibliografías : p. 396-397
590 ## - NOTA LOCAL
Enlace Inventariado, 2022/VM
650 #4 - ENCABEZAMIENTO DE MATERIA--TEMÁTICO
Término temático o nombre geográfico como elemento de entrada Novela estadounidense
650 #4 - ENCABEZAMIENTO DE MATERIA--TEMÁTICO
Término temático o nombre geográfico como elemento de entrada Reyes y soberanos
Subdivisión de forma Novela
700 1# - ASIENTO SECUNDARIO -- NOMBRE PERSONAL
Nombre personal Merino, Juan Fernando,
Mención de responsabilidad tr.
700 1# - ASIENTO SECUNDARIO -- NOMBRE PERSONAL
Nombre personal Beard, Dan,
Mención de responsabilidad il.
910 ## - VALIDACIÓN
Validación Brenda Tavárez/ VMateo V./Validado
942 ## - ADDED ENTRY ELEMENTS (KOHA)
Source of classification or shelving scheme Dewey Decimal Classification
Koha item type Libros
956 ## - LOCAL ELECTRONIC LOCATION AND ACCESS (OCLC)
Nombre de host
Existencias
Withdrawn status Lost status Source of classification or shelving scheme Damaged status Not for loan Collection code Home library Current library Date acquired Source of acquisition Full call number Barcode Date last seen Price effective from Koha item type
    Dewey Decimal Classification     Colección Juvenil Dominicana Biblioteca Pública Metropolitana Salomé Ureña Biblioteca Pública Metropolitana Salomé Ureña 11/06/2015 Donación BPMSU CG 813.4 T969u 1989 BPMSU15110104 11/06/2015 11/06/2015 Libros